| 000 | 00489cab a2200205 4500 | ||
|---|---|---|---|
| 001 | X1606 | ||
| 008 | 090401t1994 xxu||||| |||| 00| 0 eng d | ||
| 035 | _a(Sirsi) u94872 | ||
| 041 | _aeng | ||
| 100 | _aMoreton, P. | ||
| 245 | _aInsurance | ||
| 260 | _c1994 | ||
| 350 | _a0 | ||
| 490 |
_aCSM (Chartered Surveyor Monthly) _v3(10) July/August 1994, 31(1) |
||
| 650 | _aPROFESSIONAL INDEMNITY | ||
| 650 | _aRICSIS | ||
| 690 |
_aInsurance _96249 |
||
| 942 | _n0 | ||
| 948 | _c04/03/1997 | ||
| 999 |
_c59604 _d59604 |
||